000 00753nam a2200241 a 4500
999 _c5847
_d5847
001 5847
003 BD-JhCC
005 20220731134023.0
008 171228s2010 bg |||| ||a| 000 0 ben d
020 _a9847015601355
035 _a(BD-JhCC)5847
040 _aBD-JhCC
_dBD-JhCC
041 _aben
082 _a297.63
_bSHA 2010
100 _a শহীদুল্লাহ, মুহম্মদ
245 _aনবী করীম হযরত মুহম্মদ (দঃ) /
_cমুহম্মদ শহীদুল্লাহ
260 _aঢাকা :
_bমাওলা ব্রাদার্স,
_c2010.
300 _a160 p. :
_c22 cm.
650 _aMuhammad, Prophet
650 _aMuslims
942 _2ddc
_cBK
_05